| 000 | 00892cam a22002533a 4500 | ||
|---|---|---|---|
| 001 | 14003 | ||
| 003 | PGUSA | ||
| 005 | 20140828083312.0 | ||
| 008 | 041110s2004||||xxu|||||s|||||000 | eng d | ||
| 040 |
_aPGUSA _beng |
||
| 042 | _adc | ||
| 050 | 4 | _aHV | |
| 100 | 1 |
_aLavay, Jerome Buell, _d1860- |
|
| 245 | 1 | 0 |
_aDisputed Handwriting : _bAn exhaustive, valuable, and comprehensive work upon one of the most important subjects of to-day. With illustrations and expositions for the detection and study of forgery by handwriting of all kinds _h[electronic resource] / _cJerome Buell Lavay |
| 260 |
_bProject Gutenberg, _c2004 |
||
| 506 | _aPublic domain in the USA. | ||
| 516 | _aElectronic text | ||
| 653 | _aForgery | ||
| 653 | _aGraphology | ||
| 653 | _aWriting -- Identification | ||
| 830 | 0 |
_aProject Gutenberg _v14003 |
|
| 856 | 4 | 0 | _uhttp://www.gutenberg.org/ebooks/14003 |
| 942 | _cEB | ||
| 999 |
_c243258 _d243258 |
||